000 00976nam a22002537a 4500
005 20170123164142.0
010 _aB-071337
020 _c100.00
_a8178830639
035 _aB-071337
037 _bCen Lib / Ret
040 _aDPL
_bPN
082 _a851
_bਕੁਲਵਿੰ
100 _aਕੁਲਵਿੰਦਰ
_9118577
245 _aਬਿਰਛਾਂ ਅੰਦਰ ਉਗੀ ਖੰਡਹਰ /
_cਕੁਲਵਿੰਦਰ
246 _aBirchhan ander ugey khandhar /
_bby Kulwinder
260 _aਲੁਧਿਆਣਾ
_bਚੇਤਨਾ ਪ੍ਰਕਾਸ਼ਨ
_c2002
270 _aਪੰਜਾਬੀ ਬਵਨ
_bਲੁਧਿਆਣਾ
_e10006
300 _a84p.
_c22cm(Hb)
650 _aਪੰਜਾਬੀ ਸਾਹਿਤ - ਕਵਿਤਾਵਾਂ
_9780
650 _a ਪੰਜਾਬੀ ਕਵਿਤਾਵਾਂ
_9118578
650 _aPunjabi Literature
_9781
650 _aPunjabi Poetry
_9118579
942 _2ddc
_cPN
_h851
_mਕੁਲਵਿੰ
999 _c109768
_d109768